000 00793nam a22002057a 4500
999 _c59880
_d59880
003 Ge_BSU
005 20230504152357.0
008 230504s2010 ge ||||| |||| 00| 0 geo d
020 _a9789941172014
041 _ageo
080 _a94(479.22) ს-50
100 _aსილაგაძე, აპოლონ
_92412
245 _aქართული იდეა = The georgian idea /
_cაპოლონ სილაგაძე.
264 _aთბილისი :
_bუნივერსალი,
_c2010.
300 _a164 გვ. ;
_b21 სმ.
501 _aსაძიებლები: გვ. 156-163.
504 _aბიბლიოგრ. ტექსტ. შენიშვნ.
653 _aსაქართველოს ისტორია
942 _2udc
_cBK